| 000 | 00403nam a22001337a 4500 | ||
|---|---|---|---|
| 082 | _aT-6 | ||
| 100 |
_aZafar Iqbal Faruqi _948366 |
||
| 245 | _aAXLE LOAD SURVEY to establish latest truck factors for pavement design between Taxila and Lahore on National Highway (N-5) | ||
| 260 |
_aRisalpur _bMCE _c4-4-1997 |
||
| 300 | _c40cm | ||
| 526 |
_a0 _b0 _c0 _dT_6 |
||
| 650 |
_aThesis _934811 |
||
| 942 |
_2ddc _cBK |
||
| 999 |
_c551338 _d551338 |
||